Szczegóły MARC21

Faust-Dichtungen /

003 -Nazwa inst., której nr kontr. jest w polu 001 [,]
    • @
    • Nazwa instytucji, której n kontrolny jest w polu 001
    • NUKAT
005 -DATA I CZAS OSTATNIEJ MODYFIKACJI [,]
    • @
    • pole kontrolne
    • 20241231102426.0
020 -Międzynarod. znormalizowany nr książki - ISBN [ , ]
    • a
    • Numer ISBN
    • 3150288371 Find
040 -Instytucja sporządzająca opis [ , ]
    • a
    • Instytucja, która sporządziła opis (NP)
    • TOR U/MS
    • c
    • Instytucja, która sporządziła rekord (NP)
    • TOR U/MS
    • d
    • Instytucja, która zmodyfikowała rekord (P)
    • TOR U/MS
    • d
    • Instytucja, która zmodyfikowała rekord (P)
    • SZCZ U/MCs
942 -Rodzaj dokumentu [ , ]
    • c
    • Rodzaj dokumentu
    • Książka
100 -Hasło główne - nazwa osobowa [1, ]
    • a
    • Nazwa osobowa (NP)
    • Goethe, Johann Wolfgang von
    • d
    • Daty biograficzne (NP)
    • (1749-1832).
    • 9
    • KHW
    • 16761
245 -Strefa tytułu i oznaczenia odpowiedzialności [1,0]
    • a
    • Tytuł
    • Faust-Dichtungen / Find
    • c
    • Pozostałe elementy strefy tytułu i oznaczenia odpowiedzialności (NP)
    • Johann Wolfgang Wolfgang Goethe ; Nachw. von Ulrich Gaier.
250 -Strefa wydania [ , ]
    • a
    • Oznaczenie wydania (NP)
    • Jubiläums-Ed.
260 -Strefa adresu wydawniczego [ , ]
    • a
    • Miejsce wydania (P)
    • Stuttgart :
    • b
    • Nazwa wydawcy (P)
    • Philipp Reclam jun.,
    • c
    • Data wydania (P)
    • 1992.
300 -Strefa opisu fizycznego [ , ]
    • a
    • Określenie formy książki i/lub objętość (NP)
    • 612, [1] s. ;
    • c
    • Format (NP)
    • 16 cm.
336 -Typ zawartości [ , ]
    • a
    • Termin opisujący typ zawartości
    • Tekst
    • b
    • Kod określający zawartość
    • txt
    • 2
    • Źródło (terminu i kodu)
    • rdacontent
337 -Typ mediów [ , ]
    • a
    • Tryb odtwarzania
    • Bez urządzenia pośredniczącego
    • b
    • Kod typu mediów
    • n
    • 2
    • Źródło (terminu i kodu)
    • rdamedia
338 -Typ/rodzaj nośnika [ , ]
    • a
    • Hasło opisujące typ nośnika
    • Wolumin
    • b
    • Kod typu nośnika
    • nc
    • 2
    • Źródło (terminu i kodu)
    • rdacarrier
490 -Strefa serii i książki wielotomowej - forma nie do wyszukiwania [1, ]
    • a
    • Tytuł (P)
    • Universal-Bibliothek ; Find
    • v
    • Numeracja (P)
    • Nr. 8837
830 -Hasło dodatkowe serii i opisu książki wielotomowej - tytuł ujednolicony/tytuł [ ,0]
    • a
    • Tytuł ujednolicony/tytuł (NP)
    • Reclams Universal-Bibliothek
    • x
    • ISSN
    • 0722-8511
    • v
    • Oznaczenie tomu (NP)
    • Bd. 8837
    • 9
    • KHW
    • 12680
500 -Uwaga ogólna [ , ]
    • a
    • Uwaga ogólna (NP)
    • Jubiläums-Edition : 125 Jahre Universal-Bibliothek.
504 -Uwaga dot. bibliogr. załącznikowej [ , ]
    • a
    • Uwaga dot. bibliografii załącznikowej
    • Bibliogr. s. 567-578.
505 -Uwaga dot. zawartości książki [0, ]
    • a
    • Uwaga dot. zawartości książki
    • Faust : eine Tragödie (Faust I, Faust II) ; Faust in ursprünglicher Gestalt (Urfaust) ; Paralipomena.
080 -Uniwersalna Klasyfikacja Dziesiętna [ , ]
    • a
    • Symbol klasyfikacji
    • 830-2=30
655 -Hasło w funkcji tematu formalnego [ ,7]
    • a
    • Hasło
    • Dramat niemiecki
    • y
    • Określnik chronologiczny
    • 18 w.
    • 2
    • Źródło terminu
    • kaba
    • 9
    • KHW
    • 401791
655 -Hasło w funkcji tematu formalnego [ ,7]
    • a
    • Hasło
    • Dramat niemiecki
    • y
    • Określnik chronologiczny
    • 19 w.
    • 2
    • Źródło terminu
    • kaba
    • 9
    • KHW
    • 373450
980 -Symbol UKD [ , ]
    • a
    • UKD
    • 830-2=30
700 -Hasło dodatkowe - nazwa osobowa [1, ]
    • a
    • Nazwa osobowa (NP)
    • Gaier, Ulrich Find
    • d
    • Daty biograficzne (NP)
    • (1935- ).
    • e
    • Określenie rodzaju współpracy
    • Posł.
    • 9
    • KHW
    • 634568
700 -Hasło dodatkowe - nazwa osobowa [1,2]
    • a
    • Nazwa osobowa (NP)
    • Goethe, Johann Wolfgang von Find
    • d
    • Daty biograficzne (NP)
    • (1749-1832).
    • t
    • Tytuł ujednolicony/tytuł (NP)
    • Faust. Find
    • n
    • Oznaczenie części (P)
    • 1
    • l
    • Język tekstu (NP)
    • (niem.)
    • 9
    • KHW
    • 449656
700 -Hasło dodatkowe - nazwa osobowa [1,2]
    • a
    • Nazwa osobowa (NP)
    • Goethe, Johann Wolfgang von Find
    • d
    • Daty biograficzne (NP)
    • (1749-1832).
    • t
    • Tytuł ujednolicony/tytuł (NP)
    • Faust. Find
    • n
    • Oznaczenie części (P)
    • 2
    • l
    • Język tekstu (NP)
    • (niem.)
    • 9
    • KHW
    • 493981
700 -Hasło dodatkowe - nazwa osobowa [1,2]
    • a
    • Nazwa osobowa (NP)
    • Goethe, Johann Wolfgang von Find
    • d
    • Daty biograficzne (NP)
    • (1749-1832).
    • t
    • Tytuł ujednolicony/tytuł (NP)
    • Urfaust Find
    • l
    • Język tekstu (NP)
    • (niem.)
    • 9
    • KHW
    • 453919
700 -Hasło dodatkowe - nazwa osobowa [1,2]
    • a
    • Nazwa osobowa (NP)
    • Goethe, Johann Wolfgang von Find
    • d
    • Daty biograficzne (NP)
    • (1749-1832).
    • t
    • Tytuł ujednolicony/tytuł (NP)
    • Paralipomena Find
    • l
    • Język tekstu (NP)
    • (niem.)
    • 9
    • KHW
    • 494568
710 -Hasło dodatkowe - nazwa ciała zbiorowego [2, ]
    • a
    • Nazwa ciała zbiorowego lub nazwa geograficzna jako pierwszy element (NP)
    • Philipp Reclam junior (Stuttgart).
    • 4
    • Kod relacji
    • pbl
    • 9
    • KHW
    • 51247
920 -ISBN [ , ]
    • a
    • ISBN
    • 3-15-028837-1 Find
Numer inwentarzowy Lokalizacja Sygnatura Status udost. Data inwentaryzacji
G.13836BMGerm. Dramat niemiecki-31998-09-16